01129nam a2200193Ia 4500001000900000003001000009008004100019040002500060041001300085100001900098245002000117250001100137260007800148300002800226500026200254501011400516520026200630650004300892L085-422IT-CnALBA170116s9999||||xx |||||||||||||| ||und|| aIT-CnALBAcIT-CnALBA aITALIANO aORIANI ALFREDO 0aQUARTETTO (IL)  a2a ed. a FIRENZEbCAPELLI EDITORE c1927 [1° Ed.:1881 - Ed.Ling.Originale: 1881] a342 p. (prefazione: 13) aCURATORE BENITO MUSSOLINI. PREFAZIONE DI BENCO SILVIO. DIAPASON. VIOLINO. VIOLA. VIOLONCELLO. CONTRABASSO. OPERA GIOVANILE. PRENDE OCCASIONE DAGLI STRUMENTI MUSICALI PER UNA INTERPRETAZIONE PERSONALE DELLE REALTÀ UMANE. IDEE SULLA MUSICA, FILOSOFIA, STORI aSocietà San Paolo EM - Piazza San Paolo, 14 - 12051 ALBA (CN) (non commercial uses only) ® Copyright 2017 aCURATORE BENITO MUSSOLINI. PREFAZIONE DI BENCO SILVIO. DIAPASON. VIOLINO. VIOLA. VIOLONCELLO. CONTRABASSO. OPERA GIOVANILE. PRENDE OCCASIONE DAGLI STRUMENTI MUSICALI PER UNA INTERPRETAZIONE PERSONALE DELLE REALTÀ UMANE. IDEE SULLA MUSICA, FILOSOFIA, STORI aRACCOLTE DI CARATTERE GEN. IN ITALIANO